Movement and dance in early childhood (Record no. 224545)
[ view plain ]
| 000 -LEADER | |
|---|---|
| fixed length control field | 00872nam a22002177a 4500 |
| 005 - DATE AND TIME OF LATEST TRANSACTION | |
| control field | 20230324112501.0 |
| 008 - FIXED-LENGTH DATA ELEMENTS--GENERAL INFORMATION | |
| fixed length control field | 220909b ||||| |||| 00| 0 eng d |
| 020 ## - INTERNATIONAL STANDARD BOOK NUMBER | |
| International Standard Book Number | 0761940545 |
| 040 ## - CATALOGING SOURCE | |
| Transcribing agency | AL |
| 041 ## - LANGUAGE CODE | |
| Language code of text/sound track or separate title | eng |
| 082 ## - DEWEY DECIMAL CLASSIFICATION NUMBER | |
| Edition number | 23 |
| Classification number | 155.4123 |
| Item number | DAVM |
| 100 ## - MAIN ENTRY--PERSONAL NAME | |
| Personal name | Mollie Davies |
| 9 (RLIN) | 56957 |
| 245 ## - TITLE STATEMENT | |
| Title | Movement and dance in early childhood |
| 250 ## - EDITION STATEMENT | |
| Edition statement | 2nd ed. |
| 260 ## - PUBLICATION, DISTRIBUTION, ETC. | |
| Place of publication, distribution, etc. | New Delhi |
| Name of publisher, distributor, etc. | Paul Champman Publishing |
| Date of publication, distribution, etc. | 2003 |
| 300 ## - PHYSICAL DESCRIPTION | |
| Extent | xx,216p. |
| Other physical details | HB |
| Dimensions | 24.5x17cm. |
| 365 ## - TRADE PRICE | |
| Source of price type code | General |
| Price type code | WORDI/2022/CRB/1323 |
| Price amount | ₹2550.00 |
| Currency code | ₹ |
| Unit of pricing | ₹3643.20 |
| Price note | 30% |
| Price effective from | 26-08-2022 |
| 520 ## - SUMMARY, ETC. | |
| Summary, etc. | What is movement; learning to move; moving to learn the learning teaching environment; supporting extending and enriching movement; a matter expression; creating performing and appreciating dance; dance in statutory education. |
| 650 ## - SUBJECT ADDED ENTRY--TOPICAL TERM | |
| Source of heading or term | General Child Psychology |
| Topical term or geographic name entry element | Psychology |
| 9 (RLIN) | 56958 |
| 942 ## - ADDED ENTRY ELEMENTS (KOHA) | |
| Source of classification or shelving scheme | Dewey Decimal Classification |
| Koha item type | Book |
| Withdrawn status | Lost status | Source of classification or shelving scheme | Damaged status | Not for loan | Collection code | Home library | Current library | Date acquired | Source of acquisition | Cost, normal purchase price | Total Checkouts | Full call number | Barcode | Date last seen | Cost, replacement price | Price effective from | Koha item type |
|---|---|---|---|---|---|---|---|---|---|---|---|---|---|---|---|---|---|
| Dewey Decimal Classification | MAJMC | St Aloysius PG Library | St Aloysius PG Library | 09/03/2022 | Work Bookshop | 2550.00 | 155.4123 DAVM | PG024001 | 09/09/2022 | 3643.20 | 08/26/2022 | Book |